000 00579nam a2200181 a 4500
001 BRCA_1857
005 20190320203558.0
008 050608s1988----mx-a---###---#000-0#spa-#
020 _a9683606989
050 4 _aN910.E78
_b.I88 1988
245 1 0 _aIzta-Popo.
260 _aMéxico
_bUNAM, Centro de Investigación y Servicios Museológicos, Coordinación de Difusión Cultural
_c1988
300 _a1 v. (sin paginación)
_bil.
_c21 cm.
440 0 _aMuseos
_95758
504 _aBibliografía : p. 42
650 1 4 _aParques nacionales
_xConstrucción
_zMéxico
_95759
942 _2lcc
_cB
999 _c1635
_d1635